| Tag |
First Indicator |
Second Indicator |
Subfields |
| LEADER |
00000cam a2200000 i 4500 |
| 001 |
in00000299913 |
| 005 |
20151010154725.0 |
| 008 |
780721s1977 enk b 00010 eng |
| 010 |
|
|
|a 78308420
|
| 015 |
|
|
|a GB***
|
| 020 |
|
|
|a 0273011030 :
|c 5.00
|
| 035 |
|
|
|a (OCoLC)04192303
|
| 035 |
|
|
|9 ABJ2859AM
|
| 040 |
|
|
|a DLC
|c DLC
|d TXA
|d UtOrBLW
|
| 049 |
|
|
|a TXAM
|c [A08943966]
|
| 050 |
0 |
0 |
|a QA640
|b .H35
|
| 082 |
0 |
|
|a 516/.08
|
| 100 |
1 |
|
|a Hammer, J.
|q (Joseph)
|
| 245 |
1 |
0 |
|a Unsolved problems concerning lattice points /
|c J. Hammer.
|
| 264 |
|
1 |
|a London ;
|a San Francisco :
|b Pitman,
|c 1977.
|
| 300 |
|
|
|a 101 pages ;
|c 25 cm.
|
| 336 |
|
|
|a text
|b txt
|2 rdacontent
|
| 337 |
|
|
|a unmediated
|b n
|2 rdamedia
|
| 338 |
|
|
|a volume
|b nc
|2 rdacarrier
|
| 490 |
1 |
|
|a Research notes in mathematics ;
|v 15
|
| 504 |
|
|
|a Bibliography: pages 66-101.
|
| 650 |
|
0 |
|a Convex sets.
|
| 650 |
|
0 |
|a Geometry of numbers.
|
| 650 |
|
0 |
|a Lattice theory.
|
| 830 |
|
0 |
|a Research notes in mathematics ;
|v 15.
|
| 999 |
|
|
|a MARS
|
| 999 |
f |
f |
|s 33b4b309-e790-3be4-be88-383939862d8a
|i be6ae7d1-28af-3dd8-87a7-92af32186194
|t 0
|
| 952 |
f |
f |
|p ric
|a Texas A&M University
|b Rellis Campus
|c Joint Library Facility
|d Remote Storage
|t 0
|e QA640 .H35
|h Library of Congress classification
|i unmediated -- volume
|m A14808943966
|
| 998 |
f |
f |
|a QA640 .H35
|t 0
|l Remote Storage
|